000 00790nam a2200217Ia 4500
003 GCL
008 140319s9999 xx 000 0 ara d
040 _aGCL /
_cGCL
082 0 4 _a212.2
_bع ا
100 1 _aعبدالمنعم احمد بركة
245 1 0 _aالاسلام والمساواة بين المسلمين فى عصور التاريخ الاسلامى وفى العصر الحديث /
_cعبدالمنعم احمد بركة
260 _a[S.N] :
_bمؤسسة شباب الجامعة ،
_c1990
300 _a390 ص
490 _a
650 0 4 _aالاسلام
650 0 4 _aالاسلام والمسيحية
650 0 4 _aالشريعة الاسلامية
650 0 4 _aالتاريخ الاسلامى
650 0 4 _aالاسلام واليهودية
942 _2ddc
_cBK
999 _c32445
_d32445